Statistics for Capitals Based on Last Two Letters

Click here to take the quiz!

General Stats

  • This quiz has been taken 23,718 times
  • The average score is 10 of 24

Answer Stats

Last Two Letters Capital % Correct
OWMoscow
93%
YOTokyo
82%
RNBern
76%
SKMinsk
68%
EVKiev
67%
AMAmsterdam
60%
LOOslo
55%
NNTallinn
53%
OKBangkok
47%
LMStockholm
42%
DUKathmandu
41%
KIHelsinki
38%
EBZagreb
37%
JESkopje
37%
UTBeirut
34%
LSBrussels
31%
ASCaracas
27%
NTTashkent
26%
EOMontevideo
24%
RSAlgiers
24%
EMJerusalem
23%
TTNouakchott
17%
SAKinshasa
14%
PATegucigalpa
11%

Score Distribution

Percentile by Number Answered

Percent of People with Each Score

Your Score History

You have not taken this quiz